Σενάριο : η τέχνη της επινόησης και της αφήγησης στον κινηματογράφο : [66 ασκήσεις και 1 μέθοδος]
Αποθηκεύτηκε σε:
| Κύριος συγγραφέας: | |
|---|---|
| Μορφή: | Βιβλίο |
| Γλώσσα: | Greek |
| Δημοσίευση: |
Αθήνα :
Νεφέλη,
c2006.
|
| Θέματα: | |
| Ετικέτες: |
Προσθήκη ετικέτας
Δεν υπάρχουν, Καταχωρήστε ετικέτα πρώτοι!
|
MARC
| LEADER | 00000cam a2200000 i 4500 | ||
|---|---|---|---|
| 001 | 1/77249 | ||
| 008 | 080312s2006 gr | ||| |||| ||gre|| | ||
| 020 | |a 9602117826 | ||
| 035 | |l 10095383 | ||
| 040 | |a GRMyUa |b gre |e AACR2 | ||
| 041 | 0 | |a gre | |
| 082 | 7 | |a 808.06679143 |2 (22) | |
| 082 | 7 | |a 808.23 |2 (23) | |
| 100 | 1 | |a Kallas-Καλογεροπούλου, Χριστίνα. | |
| 245 | 1 | 0 | |a Σενάριο : |b η τέχνη της επινόησης και της αφήγησης στον κινηματογράφο : [66 ασκήσεις και 1 μέθοδος] / |c Χριστίνα Kallas-Καλογεροπούλου. |
| 260 | |a Αθήνα : |b Νεφέλη, |c c2006. | ||
| 300 | |a 323 σ. ; |c 21 εκ. | ||
| 504 | |a Βιβλιογραφία: σ. [316]-323. | ||
| 650 | 0 | |a Motion picture authorship. | |
| 650 | 0 | |a Motion picture plays |x Technique. | |
| 852 | |a INST |b LESVOS |e 20100527 |h 808.06679143 KAL |p 005100047419 |q 005100047419 |t BK |y 0 | ||
| 852 | |a INST |b LESVOS |e 20100527 |h 808.06679143 KAL |p 005100047420 |q 005100047420 |t BK |y 0 | ||
| 852 | |a INST |b LESVOS |e 20100527 |h 808.06679143 KAL |p 005100047421 |q 005100047421 |t BK |y 0 | ||
| 852 | |a INST |b LESVOS |e 20100527 |h 808.06679143 KAL |p 005100047422 |q 005100047422 |t BK |y 0 | ||
| 852 | |a INST |b LESVOS |e 20110601 |h 808.06679143 KAL |p 005100048989 |q 005100048989 |t BK |y 0 | ||
| 852 | |a INST |b LESVOS |e 20120320 |h 808.06679143 KAL |p 005100050604 |q 005100050604 |t BK |y 0 | ||
| 852 | |a INST |b SYROS |e 20080312 |h 808.23 KAL |p 005500006373 |q 005500006373 |t BK |y 0 | ||
| 852 | |a INST |b SYROS |e 20090603 |h 808.23 KAL |p 005500008373 |q 005500008373 |t BK |y 0 | ||
| 901 | |a BIBL5-2009-2 | ||
| 901 | |a BIBL5-2008-1 | ||
| 901 | |a BIBL1-2010-2 | ||
| 922 | |a 5ΕΛΗ |b 200709 |c Βιβλιοθήκη Σύρου |d Glorybook | ||
| 970 | |a Καγιαβά |b Ειρήνη |z 12/03/2008 | ||